000
00319nam a2200133Ia 4500
008
230917s9999||||xx |||||||||||||| ||und||
040
_e
109781
_a
MAIN
041
_a
English
082
_a
510 M72M
245
0
_a
Modern UGC NET: Mathematics
260
_a
New Delhi
_b
Arnold
_c
2005
300
_a
vii, 551 p.
942
_c
BK
999
_c
138086
_d
138086